00509cam a22001457a 4500008004000000082001500040100002400055245005200079260003200131300001500163650005100178650002900229999001900258952008600277180718b1969 xxu||||| |||| 00| 0 eng d aB5x43 P442 aPetetson, Edward N. aLimits of Hitler's powercby Edward N. Petetson aNew JerseybPrincetonc1969 axxiii,472p aGermany --Politics and government --1933-1945. aHitler, Adolf, 1889-1945 c421949d421949 00104070aIIPAbIIPAd2009-08-10oB5x43 P442p44083r2018-07-21w2018-07-21yBK